000 01033nam a2200205 4500
005 20210506213529.0
008 210506s2003 pe a|||fr|||| 001 0 spa d
040 _aCENDOC CAAAP
_bspa
_cCAAAP
041 _aspa
050 _aKM 18.P
_bK23
245 3 _aEl tema indígena en debate :
_baportes para la reforma constitucional /
_cDespacho de la primera dama de la nación
250 _a1ra ed.
260 _aLima,
_c2003
300 _a203 p.:
_bilustraciones ;
_c18 cm.
505 _aContiene : Introducción -- Palabras del presidente de la Comisión de Amazonía, Asuntos Indígenas y afroperuanos --Discurso de la Primera dama de la nación -- Formación histórica del Perú -- La mayoría invisible. Los indios y la cuestión nacional -- La cultura vinculada a los derechos de los pueblos indígenas los derechos de los pueblos indígenas en al reforma -- Indígenas ecuatorianos.
650 1 0 _9100
_aIndígenas
650 0 _972
_aDerechos de los pueblos originarios
653 _aAfroperuanos
942 _2lcc
_b06 - 05 - 21
_cBK
999 _c1216
_d1216